00678nam a22002057a 450000500170000001000300001702000260004703500130007303500170008603700210010303700130012408200130013710000200015024500910017026000300026127000670029130000400035850000500039870000240044820250104111647.0 a1516EN07 ENG-114819 c450.00a9788120328921 aEN-98351 aB-612720-735 bTechniz/venaDPL bDBAD/PUB a624.1762 aAgarwal, Pankaj aEarthquake resistant design of structures /cby Pankaj Agarwal [and] Manish Shrikhande aDelhibPHI Learningc2014 bDelhie110092aRimjhim house,111, Patparganj Industrial Estate axxiii,634p. :c25cm(pbk)bill.,maps aIncludes bibliographical references and index aShrikhande, Manish